Indonesian Provinces - Statistics

General Stats
  • This quiz has been taken 210 times
  • The average score is 16 of 34
Answers on the Map
Answers color-coded by a green-red scale on the quiz's map according to % correct below.
 
Answer Stats
Answer % Correct
Aceh
83%
Bali
65%
Papua
65%
Riau
61%
Banten
52%
Jawa Barat
52%
Jawa Tengah
52%
Lampung
51%
Jawa Timur
50%
Kalimantan Barat
50%
Yogyakarta
50%
Kalimantan Timur
49%
Sulawesi Barat
48%
Sulawesi Utara
47%
Kalimantan Selatan
46%
Kalimantan Tengah
46%
Maluku
46%
Sulawesi Selatan
46%
Sulawesi Tengah
46%
Sumatera Barat
46%
Bangka Belitung
45%
Jambi
45%
Kalimantan Utara
45%
Nusa Tenggara Barat
44%
Sumatera Utara
44%
Gorontalo
43%
Nusa Tenggara Timur
43%
Sumatera Selatan
43%
Papua Barat
40%
Bengkulu
35%
Kepulauan Riau
35%
Sulawesi Tenggara
35%
Maluku Utara
33%
Jakarta Raya
6%
No matching quizzes found
Score Distribution
Percent of People with Each Score
Percentile by Number Answered
Your Score History
You have not taken this quiz